000 00223nam a2200097Ia 4500
008 190216s9999||||xx |||||||||||||| ||und||
100 _aP A Sayed Muhammed
245 0 _aMughal Samrajyathiloode
260 _bNull
942 _cBK
999 _c24304
_d24304